Normal view MARC view
  • Biblioteca Iberoamericana (México)

Entry Nombre Corporativo

Number of records used in: 8

001 - NÚMERO DE CONTROL

  • campo de control: 51339

003 - IDENTIFICADOR DE NUMERO DE CONTROL

  • campo de control: MX-MxUPN

005 - FECHA Y HORA DE LA ÜLTIMA TRANSACCIÓN

  • campo de control: 20240312120122.0

008 - DATOS DE LONGITUD FIJA

  • campo de control de longitud fija: 240312|| acn||aabn a a|a d

040 ## - FUENTE DE CATALOGACIÓN

  • Agencia original de catalogación: MX-MxUPN
  • Lenguaje de catalogación: spa
  • Agencia transcribe: MX-MxUPN

110 2# - ENCABEZAMIENTO - NOMBRE CORPORATIVO

  • Nombre corporativo o de jurisdicción como elemento de entrada : Biblioteca Iberoamericana (México)

410 1# - MENCIÓN DE REFERENCIA “VÉASE” – NOMBRE DE ENTIDAD CORPORATIVA

  • Corporate name or jurisdiction name as entry element: México.
  • Subordinate unit: Secretaría de Educación Pública.
  • Subordinate unit: Departamento de Bibliotecas.
  • Subordinate unit: Biblioteca Iberoamericana

410 1# - MENCIÓN DE REFERENCIA “VÉASE” – NOMBRE DE ENTIDAD CORPORATIVA

  • Corporate name or jurisdiction name as entry element: México.
  • Subordinate unit: Biblioteca Iberoamericana

670 ## - FUENTE EN LA QUE SE LOCALIZARON DATOS

  • Cita de la fuente : Las bibliotecas públicas en México: 1910-1940, 1988:
  • Información localizada: página 228 (la Biblioteca Iberoamericana fue inaugurada el 25 de abril de 1924 en el ex templo de la Encarnación)

902 ## - CATALOGADOR

  • Catalogador: Victor Ruiz/120324